000 01088cam a2200361 a 4500
001 1389
005 20230823100127.0
008 120719s2013 mnua a 000 0 eng c
020 _a9781404881723 (board book)
040 _aNJQ/DLC
_cNJQ
_beng
050 0 0 _aPZ8.3.R243
_bHuk 2013
082 0 0 _a398.8
_223
100 1 _aReasoner, Charles
245 1 0 _aHumpty Dumpty /
_cby Charles Reasoner.
260 _aDongGuan :
_bLittle Birdie Books,
_c2012
300 _a8 unnumberd pages :
_bcolor illustrations ;
_c17 cm
500 _aCover title.
500 _aOn board pages.
500 _a"A Capstone imprint."
505 _aB
520 _aAn illustrated version of the traditional nursery rhyme.
521 _a160
_bLexile estimate
521 _aB
_bRaz-Plus
650 0 _aNursery rhymes.
650 0 _aChildren's poetry.
650 1 _aNursery rhymes.
650 1 _aBoard books.
655 0 _aBoard books.
700 _aReasoner, Chuck
_cauthor
700 _aIntzegian, Teri
_cillustrator
906 _a7
_bcbc
_corignew
_d1
_eecip
_f20
_gy-gencatlg
942 _2ddc
_cBK
_n0
999 _c1389
_d1389